000 01124nam a2200265 i 4500
003 CO-BoRNBP
005 20241004155643.0
007 ta
008 241004s2016 ck a|||| |||| 00| 0 spa d
020 _a9789585860773
040 _aCO-BoRNBP
_bspa
_cCO-BoRNBP
_erda
084 _aC MOL
245 _aEl Gran Libro de Valores para la Familia:
_bCuentos, actividades y juegos para estimular el aprendizaje/
_cIlustrador, Fernando Cortés Ramos; Auxiliar de Ilustración, Andrés Escobar Ladino; Adaptaciones Literarias, Wilson Molina Rodríguez
250 _aPrimera edición
264 1 _aBogotá, Colombia
_bCírculo Cultural
_c©2016
300 _a64 páginas
_bilustrastraciones a color
_c31 cm
336 _2rdacontent
_atexto
_btxt
337 _2rdamedia
_asin mediación
_bn
338 _2rdacarrier
_avolumen
_bnc
650 _2LEMB
_aCuentos infantiles
_92743
650 _2LEMB
_aValores sociales
_vCuentos
_942818
650 _2LEMB
_aActividades creativas y trabajo de clase
_942819
700 _aAutor añadido: Cortés Ramos, Fernando, Escobar Ladino, Andrés, Molina Rodríguez, Wilson,
_942820
942 _2ddc
_cBKINF
999 _c38412
_d38412